|
|
|
|
| LEADER |
00000nab#a22000007a#4500 |
| 001 |
arbauad023292 |
| 003 |
AR-BaUAD |
| 005 |
20250711111954.0 |
| 008 |
961106|||||||||###||||||b###|0###a|spa|| |
| 040 |
|
|
|a AR-BaUAD
|c AR-BaUAD
|b spa
|
| 100 |
|
|
|a Waisman, Marina
|
| 245 |
|
|
|a La arquitectura alternativa de Emilio Ambasz /
|c Marina Waisman;
|
| 300 |
0 |
|
|b p. 29-32:
|
| 500 |
|
|
|a Artículo Teórico
|
| 653 |
|
|
|a AMBASZ, EMILIO
|
| 653 |
|
|
|a CRITICA DE LA ARQUITECTURA
|
| 773 |
0 |
|
|t SUMMARIOS
|g no. 11 [sep. 1977]
|
| 942 |
|
|
|c ARTI
|
| 952 |
|
|
|0 0
|1 0
|4 0
|7 0
|9 68211
|a AR-BAuAD
|b AR-BAuAD
|d 2025-07-11
|l 0
|p AAQA023292
|r 2025-07-11 11:19:54
|w 2025-07-11
|y ARTI
|
| 990 |
|
|
|a AQ197
|b TD
|
| 998 |
|
|
|a AAQ
|b BIBUN76
|
| 999 |
|
|
|c 47884
|d 47884
|